书目信息 |
| 题名: |
药源性疾病
|
|
| 作者: | 邬锦文 著 | |
| 分册: | ||
| 出版信息: | 上海 上海科学技术出版社 1982.6 |
|
| 页数: | 361页 | |
| 开本: | 21cm | |
| 丛书名: | ||
| 单 册: | ||
| 中图分类: | R595 | |
| 科图分类: | ||
| 主题词: | ||
| 电子资源: | ||
| ISBN: | ||
| 000 | 00484nam0 2200181 45 | |
| 001 | 0181013271 | |
| 005 | 20061121145139.62 | |
| 010 | @dCNY1.30 | |
| 100 | @a20810111d km y0chiy0120 ea | |
| 101 | 0 | @achi |
| 105 | @a z 000yy | |
| 200 | 1 | @Ayao yuan xing ji bing@Fwu jin wen@a药源性疾病@f邬锦文等著 |
| 210 | @a上海@c上海科学技术出版社@d1982.6 | |
| 215 | @a361页@c无图表@d21cm | |
| 690 | @aR595 | |
| 701 | 0 | @a邬锦文@4著 |
| 801 | @aCN@bTSTC@c20061121 | |
| 905 | @dR595@e17@f1@b117172 | |
| 药源性疾病/邬锦文等著.-上海:上海科学技术出版社,1982.6 |
| 361页:无图表;21cm |
| ISBN :CNY1.30 |
| ● |
| 相关链接 |
|
|
|
|
正题名:药源性疾病
索取号:R595/17
 
预约/预借
| 序号 | 登录号 | 条形码 | 馆藏地/架位号 | 状态 | 备注 |
| 1 | 0117172 | 202448887 | 第二样本阅览室/ [索取号:R595/17] | 在馆 |